| 000 | 00898pam a2200241 a 4500 | ||
|---|---|---|---|
| 001 | 3873471 | ||
| 005 | 20180109072717.0 | ||
| 008 | 890922s1990 cau b 001 0 eng | ||
| 010 | _a 89043460 | ||
| 020 | _a1555422152 (alk. paper) | ||
| 040 |
_aDLC _cDLC _dDLC |
||
| 041 | _aeng | ||
| 043 | _an-us--- | ||
| 080 | _a371.01 | ||
| 082 | 0 | 0 |
_a371.01 BAR _220 |
| 100 | 1 | _a46 | |
| 101 | _aEDU | ||
| 245 | 1 | 0 |
_aImproving schools from within : _cRoland S. Barth ; with the editorial assistance of Linda Sand Guest ; foreword by Theodore R. Sizer. |
| 504 | _aIncludes bibliographical references (p. 181-183) and index. | ||
| 906 |
_a7 _bcbc _corignew _d1 _eocip _f19 _gy-gencatlg |
||
| 942 |
_2ddc _cBK |
||
| 999 |
_c39912 _d39912 |
||